The One to One Future : Building Relationships One Customer at a Time /

El crear relaciones a largo plazo permitirá crecer aún más un negocio, es la premisa que los autores presentan en este libro, en donde el énfasis se encuentra en el cliente y su satisfacción al contratar un servicio o adquirir un producto. La obra subraya la importancia de crear lazos duraderos de s...

Celý popis

Uloženo v:
Podrobná bibliografie
Hlavní autor: Peppers, Don (autor)
Další autoři: Rogers, Martha (autor) (autor)
Médium: Kniha
Jazyk:angličtina
Vydáno: Nueva York, EUA : Currency : Doubleday, 1996, c1993
Témata:
Tagy: Přidat tag
Žádné tagy, Buďte první, kdo vytvoří štítek k tomuto záznamu!

MARC

LEADER 00000nam^a2200000^a^4500
001 000357980
005 20250623000000.0
009 20260526141826.091
020 |a 0-385-48566-2 
037 |a Acervo ITESO - Biblioteca 
041 |a ING 
082 |a 658. 812  |b PEP 
100 |a Peppers, Don  |e (autor) 
245 1 4 |a The One to One Future :  |b Building Relationships One Customer at a Time /  |c D. Peppers, M. Rogers. 
264 4 |a Nueva York, EUA :  |b Currency :  |b Doubleday,  |c 1996, c1993 
300 |a XXXII, 429 p. 
336 |a texto  |b txt  |2 rdacontenido 
337 |a sin mediación  |b n  |2 rdamedio 
338 |a volumen  |b nc  |2 rdasoporte 
520 |a El crear relaciones a largo plazo permitirá crecer aún más un negocio, es la premisa que los autores presentan en este libro, en donde el énfasis se encuentra en el cliente y su satisfacción al contratar un servicio o adquirir un producto. La obra subraya la importancia de crear lazos duraderos de satisfacción con el consumidor y no solamente de interacción momentánea. 
649 |a XX 
650 |a Clientes -  |x Tema Principal 
650 |a Consumidores -  |x Tema Principal 
650 |a Atención al Cliente -  |x Tema Principal 
650 |a Relaciones Públicas 
650 |a Mezcla de Mercadotecnia 
650 |a Estrategia Mercadotécnica 
650 |a Mercadotecnia -  |x Teoría 
700 |a Rogers, Martha  |e (autor) 
910 |a Fondo General 
920 |a Impresos - Libros 
930 |a Colección General 
905 |a 101 
901 |a 0500250689  |b IT1  |c ACC  |d DT  |i D64470  |u 20250623 
902 |a https://opac.biblio.iteso.mx/vufind/Record/000357980